000
00323nam a2200133Ia 4500
005
20251222143149.0
008
251222s9999||||xx |||||||||||||| ||spa||
020
_a
84-329-9233-X
082
_a
370.1/F94/1992
100
_a
Fullat, Octavi
245
0
_a
Filosofías de la Educación Paideia
264
_b
CEAC
942
_c
LIB
999
_c
12632
_d
12632